[Event "RN-2011-0-00349"]
[Site "LSS email"]
[Date "2011.02.06"]
[Round "?"]
[White "Venturas, Bob"]
[Black "Novak, Tibor"]
[Result "1/2-1/2"]
[WhiteElo "648"]
[BlackElo "567"]
[PlyCount "115"]
[EventDate "2011.01.20"]
[EventType "tourn (corr)"]
[EventRounds "6"]
[EventCountry "GER"]
[SourceTitle "Telechess CBM 145"]
[Source "Chessbase"]
[SourceDate "2011.11.11"]
[SourceVersion "1"]
[SourceVersionDate "2011.11.11"]
[SourceQuality "1"]

1. e4 e5 2. Nf3 Nc6 3. Bc4 Nf6 4. Nc3 a6 5. d4 exd4 6. Nxd4 Nxd4 7. Qxd4 b5 8. Bb3 Bb7 9. f3 Be7 10. Bf4 c5 11. Qd3 c4 12. Bxc4 bxc4 13. Qxc4 Rc8 14. Qe2 Bb4 15. Bd2 0-0 16. a3 Qa5 17. 0-0 Bc5+ 18. Kh1 Bd6 19. Nd5 Qb5 20. Qxb5 axb5 21. Nxf6+ gxf6 22. Rad1 Rxc2 23. Bh6 Rfc8 24. Rxd6 Rxb2 25. Rxd7 Bc6 26. Rd6 Ra2 27. Rfd1 Be8 28. h3 Rxa3 29. Rd8 Raa8 30. R8d6 Rc6 31. Rd8 Rcc8 32. R8d6 b4 33. Rb6 Rab8 34. Rxf6 b3 35. Rb1 b2 36. Kh2 Rc6 37. Rxc6 Bxc6 38. Bd2 Rb3 39. Bg5 Kg7 40. Be3 Rxe3 41. Rxb2 Bd7 42. Kg3 Rc3 43. Kf4 Kg6 44. g4 Rc4 45. h4 h5 46. Rb6+ f6 47. Rd6 Bc8 48. Rd5 hxg4 49. fxg4 Bb7 50. h5+ Kh6 51. g5+ fxg5+ 52. Rxg5 Rxe4+ 53. Kf5 Rh4 54. Rg6+ Kxh5 55. Rg5+ Kh6 56. Rg6+ Kh7 57. Kf6 Rf4+ 58. Kg5 1/2-1/2

[Event "OP-2011-0-01388"]
[Site "LSS email"]
[Date "2011.01.29"]
[Round "?"]
[White "Novak, Tibor"]
[Black "Bester, Kazimierz"]
[Result "0-1"]
[WhiteElo "574"]
[BlackElo "709"]
[PlyCount "84"]
[EventDate "2011.01.23"]
[EventType "tourn (corr)"]
[EventRounds "4"]
[EventCountry "GER"]
[SourceTitle "Corr 2013"]
[Source "ChessBase"]
[SourceDate "2012.11.12"]
[SourceVersion "1"]
[SourceVersionDate "2012.11.12"]
[SourceQuality "1"]

1. d4 Nf6 2. Nc3 d5 3. Bg5 Nc6 4. e3 Qd6 5. Bb5 Bd7 6. a3 0-0-0 7. Qf3 Bg4 8. Qg3 Qe6 9. h3 Bf5 10. Bxf6 gxf6 11. 0-0-0 h5 12. Bd3 h4 13. Qh2 Bh6 14. Bxf5 Qxf5 15. Nb5 Rd7 16. g4 hxg3 17. Qxg3 a6 18. Nc3 Rdd8 19. Qg4 Qxg4 20. hxg4 Bxe3+ 21. fxe3 Rxh1 22. Kd2 e6 23. Nce2 Rdh8 24. Rf1 R8h2 25. Kd3 Rh6 26. Nf4 Kd7 27. Nh5 e5 28. Nxf6+ Rxf6 29. Rxf6 e4+ 30. Ke2 Rxg1 31. Rxf7+ Ne7 32. Rg7 Rg2+ 33. Kd1 Ke6 34. b3 c6 35. c4 Kf6 36. Rh7 Rxg4 37. cxd5 cxd5 38. Rh8 Rg8 39. Rh2 Nf5 40. Ke2 b5 41. Rh7 Rg2+ 42. Kf1 Ra2 0-1

[Event "SN-2010-0-00302"]
[Site "LSS email"]
[Date "2011.01.11"]
[Round "?"]
[White "Novak, Tibor"]
[Black "Brzeszkiewicz, Edmund"]
[Result "0-1"]
[WhiteElo "574"]
[BlackElo "1095"]
[PlyCount "38"]
[EventDate "2010.12.25"]
[EventType "tourn (corr)"]
[EventRounds "6"]
[EventCountry "GER"]
[SourceTitle "Telechess CBM 145"]
[Source "Chessbase"]
[SourceDate "2011.11.11"]
[SourceVersion "1"]
[SourceVersionDate "2011.11.11"]
[SourceQuality "1"]

1. d4 d5 2. Nf3 Nf6 3. e3 Bf5 4. c4 c6 5. cxd5 cxd5 6. Ne5 e6 7. Bb5+ Nc6 8. Nxc6 bxc6 9. Bxc6+ Nd7 10. Bxa8 Qxa8 11. 0-0 Bd6 12. Nc3 Qb8 13. g3 h5 14. h4 Bxg3 15. f4 Qd8 16. Kg2 Bg4 17. Qxg4 hxg4 18. Kxg3 Qxh4+ 19. Kg2 Qh2# 0-1

[Event "OP-2011-0-01364"]
[Site "LSS email"]
[Date "2011.01.05"]
[Round "?"]
[White "Novak, Tibor"]
[Black "Verich, Oleg"]
[Result "0-1"]
[WhiteElo "587"]
[BlackElo "1028"]
[PlyCount "104"]
[EventDate "2011.01.01"]
[EventType "tourn (corr)"]
[EventRounds "4"]
[EventCountry "GER"]
[SourceTitle "Corr 2013"]
[Source "ChessBase"]
[SourceDate "2012.11.12"]
[SourceVersion "1"]
[SourceVersionDate "2012.11.12"]
[SourceQuality "1"]

1. e4 d5 2. exd5 Nf6 3. c4 c6 4. dxc6 Nxc6 5. Qa4 Bd7 6. Nf3 e5 7. d3 Bc5 8. Qd1 0-0 9. Be2 e4 10. dxe4 Nxe4 11. Bd3 Nxf2 12. Qc2 Qe7+ 13. Qe2 Nxd3+ 14. Kd2 Qxe2+ 15. Kxe2 Nxc1+ 16. Rxc1 Rae8+ 17. Kf1 Nb4 18. Nbd2 Nd3 19. Rc2 Re6 20. Rd1 Ba4 21. b3 Nb4 22. Rb2 Bc6 23. a3 Nd3 24. Rbb1 Rfe8 25. b4 Be3 26. Rb3 Nf4 27. b5 Bxd2 28. Rxd2 Bxf3 29. Rxf3 Re1+ 30. Kf2 R1e2+ 31. Rxe2 Nxe2 32. Re3 Rxe3 33. Kxe3 Nc3 34. Kd3 Na4 35. Kd4 b6 36. Kd5 Kf8 37. Kc6 Ke7 38. Kb7 Kd7 39. Kxa7 Kc7 40. Ka6 f5 41. c5 Nxc5+ 42. Ka7 g5 43. h3 h5 44. g4 hxg4 45. hxg4 f4 46. a4 Nb7 47. a5 Nxa5 48. Ka6 f3 49. Ka7 f2 50. Ka6 f1R 51. Ka7 Rf8 52. Ka6 Ra8# 0-1

[Event "OP-2010-0-01313"]
[Site "LSS email"]
[Date "2010.11.12"]
[Round "?"]
[White "Souply, Yves"]
[Black "Novak, Tibor"]
[Result "1-0"]
[WhiteElo "1640"]
[BlackElo "664"]
[PlyCount "47"]
[EventDate "2010.11.08"]
[EventType "tourn (corr)"]
[EventRounds "4"]
[EventCountry "GER"]
[SourceTitle "Telechess CBM 143"]
[Source "ChessBase"]
[SourceDate "2011.07.15"]
[SourceVersion "1"]
[SourceVersionDate "2011.07.15"]
[SourceQuality "1"]

1. d4 Nc6 2. Nf3 d6 3. e4 Bg4 4. Bb5 a6 5. Bxc6+ bxc6 6. h3 Bxf3 7. Qxf3 Qd7 8. 0-0 Nf6 9. Nc3 Rb8 10. e5 dxe5 11. dxe5 Nd5 12. Ne4 h6 13. Nc5 Qc8 14. e6 fxe6 15. Qh5+ Kd8 16. c4 Rb4 17. cxd5 exd5 18. Re1 Qa8 19. Qf5 Qc8 20. Ne6+ Ke8 21. Nxg7+ Kd8 22. Ne6+ Kd7 23. Nd4+ e6 24. Qxe6+ 1-0

[Event "OP-2010-0-01313"]
[Site "LSS email"]
[Date "2010.11.11"]
[Round "?"]
[White "Novak, Tibor"]
[Black "Ballero, Andrea"]
[Result "0-1"]
[WhiteElo "657"]
[BlackElo "1348"]
[PlyCount "54"]
[EventDate "2010.11.08"]
[EventType "tourn (corr)"]
[EventRounds "4"]
[EventCountry "GER"]
[SourceTitle "Telechess CBM 143"]
[Source "ChessBase"]
[SourceDate "2011.07.15"]
[SourceVersion "1"]
[SourceVersionDate "2011.07.15"]
[SourceQuality "1"]

1. e4 c5 2. Bc4 e6 3. d4 cxd4 4. Qxd4 Nc6 5. Qe3 Nf6 6. Nf3 Be7 7. 0-0 0-0 8. a3 d5 9. exd5 exd5 10. Bb5 a6 11. Bxc6 bxc6 12. Nc3 Re8 13. Qd3 a5 14. Ne5 Ba6 15. Qf5 Bxf1 16. Kxf1 Bd6 17. Nxc6 Qb6 18. Nxd5 Qb5+ 19. Qd3 Qxd3+ 20. cxd3 Nxd5 21. Nd4 Rab8 22. g3 Be5 23. Nc6 Bxb2 24. Rb1 Re1+ 25. Kxe1 Bc3+ 26. Ke2 Rxb1 27. Bg5 Ra1 0-1

[Event "OP-2010-0-01272"]
[Site "LSS email"]
[Date "2010.09.25"]
[Round "?"]
[White "Csoma, Balint"]
[Black "Novak, Tibor"]
[Result "1-0"]
[WhiteElo "931"]
[BlackElo "664"]
[PlyCount "63"]
[EventDate "2010.09.20"]
[EventType "tourn (corr)"]
[EventRounds "4"]
[EventCountry "GER"]
[SourceTitle "Telechess CBM 143"]
[Source "ChessBase"]
[SourceDate "2011.07.15"]
[SourceVersion "1"]
[SourceVersionDate "2011.07.15"]
[SourceQuality "1"]

1. Nf3 d6 2. c4 Bd7 3. Nc3 e5 4. d4 exd4 5. Nxd4 Nf6 6. e4 Nc6 7. Be2 a6 8. 0-0 g6 9. Be3 Nxd4 10. Bxd4 c5 11. Be3 h6 12. Bf4 Bc6 13. Bd3 g5 14. Bg3 Rg8 15. e5 dxe5 16. Bxe5 Nd7 17. Bg3 Be7 18. Re1 Nf6 19. Qe2 Kf8 20. Rad1 Qe8 21. Qc2 Rd8 22. Be5 Qd7 23. Bf5 Qe8 24. Bxf6 Rxd1 25. Qxd1 Bxg2 26. Bxe7+ Kg7 27. Bf6+ Kxf6 28. Rxe8 Rxe8 29. Kxg2 Kxf5 30. Qd5+ Kg6 31. Qxb7 Re6 32. Qd5 1-0

[Event "LSS RN-2010-0-00282"]
[Site "LSS email"]
[Date "2010.04.26"]
[Round "?"]
[White "Venturas, Bob"]
[Black "Novak, Tibor"]
[Result "1-0"]
[WhiteElo "719"]
[BlackElo "681"]
[PlyCount "49"]
[EventDate "2010.04.09"]
[EventType "tourn (corr)"]
[EventRounds "6"]
[EventCountry "GER"]
[SourceTitle "Telechess CBM 141"]
[Source "ChessBase"]
[SourceDate "2011.03.17"]
[SourceVersion "1"]
[SourceVersionDate "2011.03.17"]
[SourceQuality "1"]

1. d4 d5 2. Nc3 e6 3. a3 Nc6 4. Nf3 h6 5. Bf4 g5 6. Bg3 Bg7 7. e4 dxe4 8. Nxe4 Nxd4 9. Be2 Nxf3+ 10. Bxf3 Bxb2 11. Qxd8+ Kxd8 12. Rb1 Bxa3 13. 0-0 Ke7 14. Bxc7 f5 15. Nd2 Kd7 16. Be5 Rh7 17. Bxb7 Bxb7 18. Rxb7+ Ke8 19. Rxh7 Kf8 20. Rb1 Ne7 21. Rb7 Rd8 22. Rh8+ Ng8 23. Bg7+ Ke8 24. Rxg8+ Bf8 25. Rxf8# 1-0

[Event "LSS No Engine Cup 17 Preliminary 4"]
[Site "LSS email"]
[Date "2010.02.21"]
[Round "?"]
[White "Bonoldi, Fabio"]
[Black "Novak, Tibor"]
[Result "1-0"]
[WhiteElo "1942"]
[BlackElo "688"]
[PlyCount "47"]
[EventDate "2010.02.22"]
[EventType "tourn (corr)"]
[EventRounds "6"]
[EventCountry "GER"]
[SourceTitle "Corr 2013"]
[Source "ChessBase"]
[SourceDate "2012.11.12"]
[SourceVersion "1"]
[SourceVersionDate "2012.11.12"]
[SourceQuality "1"]

1. c4 e5 2. Nc3 Nc6 3. g3 a6 4. Bg2 Nf6 5. d3 d6 6. e4 Nd4 7. Nge2 Nxe2 8. Qxe2 Be6 9. 0-0 c6 10. h3 Qb6 11. Be3 Qd8 12. f4 exf4 13. gxf4 g6 14. f5 Bd7 15. Bg5 Bg7 16. e5 dxe5 17. Qxe5+ Qe7 18. Qxe7+ Kxe7 19. Rae1+ Kd6 20. Bf4+ Kc5 21. Na4+ Kb4 22. Bd2+ Kxa4 23. Bf3 b5 24. Bd1# 1-0

[Event "OP-2010-0-01081"]
[Site "LSS email"]
[Date "2010.02.12"]
[Round "?"]
[White "Novak, Tibor"]
[Black "Peetoom, Frank F"]
[Result "0-1"]
[WhiteElo "735"]
[BlackElo "1614"]
[PlyCount "72"]
[EventDate "2010.02.09"]
[EventType "tourn (corr)"]
[EventRounds "4"]
[EventCountry "GER"]
[SourceTitle "Corr 2013"]
[Source "ChessBase"]
[SourceDate "2012.11.12"]
[SourceVersion "1"]
[SourceVersionDate "2012.11.12"]
[SourceQuality "1"]

1. e4 c5 2. Nf3 d6 3. Nc3 Nc6 4. Bc4 e5 5. d3 h6 6. h3 Nf6 7. a3 Be7 8. 0-0 0-0 9. Be3 Bd7 10. Nh4 Kh7 11. Nf5 Bxf5 12. exf5 d5 13. Nxd5 Nxd5 14. Bxd5 Qxd5 15. c4 Qd7 16. Qf3 Qxd3 17. Rac1 Nd4 18. Qg4 Ne2+ 19. Kh2 Nxc1 20. Rxc1 Rfd8 21. Rc3 Qd6 22. f4 e4 23. f6 Bxf6 24. h4 Bxc3 25. Qf5+ Qg6 26. Qxg6+ fxg6 27. f5 Be5+ 28. Kh3 Rd3 29. fxg6+ Kxg6 30. h5+ Kxh5 31. g4+ Kg6 32. Kh4 Rxe3 33. b4 Bf6+ 34. g5 Bxg5+ 35. Kg4 Rf8 36. bxc5 Rf4# 0-1

[Event "LSS RN-2010-0-00256"]
[Site "LSS email"]
[Date "2010.01.30"]
[Round "?"]
[White "Novak, Tibor"]
[Black "Venturas, Bob"]
[Result "1-0"]
[WhiteElo "800"]
[BlackElo "575"]
[PlyCount "45"]
[EventDate "2010.01.10"]
[EventType "tourn (corr)"]
[EventRounds "6"]
[EventCountry "GER"]
[SourceTitle "Corr 2013"]
[Source "ChessBase"]
[SourceDate "2012.11.12"]
[SourceVersion "1"]
[SourceVersionDate "2012.11.12"]
[SourceQuality "1"]

1. e4 e5 2. Nf3 Qf6 3. d3 h6 4. Nc3 c6 5. a3 Bc5 6. b4 Bb6 7. Bb2 d6 8. Na4 Bc7 9. d4 Nd7 10. dxe5 dxe5 11. Nc5 Ne7 12. Nxd7 Bxd7 13. Ng1 Rd8 14. Qe2 Bb6 15. Nf3 Bg4 16. h3 Bh5 17. g4 Bg6 18. Nxe5 Bxe4 19. Rh2 Bc7 20. Qxe4 0-0 21. Bd3 Rfe8 22. Qh7+ Kf8 23. Nd7+ 1-0